000 00333 a2200133 4500
999 _c324269
_d324269
001 89196
003 NUST
082 _a355.0092 MAQ
100 _aMaqsooda Hussain Dr
_99787
245 _aMilney Key Nahi Nayab Hein Hum
260 _aIslamabad
_bManzil Publishers
_c2011
300 _a496p.
500 _aGeneral Books
942 _aCAE NUST
_cBK
_k355.0092 MAQ
_2ddc